Most view BlackPink MV By:Max - Statistics

General Stats
  • This quiz has been taken 144 times
    31 since last reset
  • The average score is 24 of 28
Answer Stats
Hints
Answers
% Correct
2.0B Kill This Love
100%
579M(ROSÉ) APT.
96%
2.2B DDU DU DDU DU
96%
561M(JISOO) Flower
96%
730M(LISA) Lalisa
96%
1.0B(LISA) Money
96%
374M(ROSÉ) On the ground
96%
1.0B(JENNIE) Solo
96%
1.4B As if its your last
92%
311M(ROSÉ) Gone
92%
1.3B How you like that
92%
900M Playing with fire
92%
240M(LISA) Rockstar
92%
1.7B Boombayah
88%
114M(JENNIE) Mantra
88%
921M Pink venom
88%
687M Shut down
88%
123M(LISA) New Woman
83%
254M Ready for love
83%
785M Lovesick girls
79%
910M Whistle
79%
937M Ice Cream
71%
367M Stay
71%
195M(JENNIE) You & Me
71%
52M(ROSÉ) Number One Girl
67%
40M(ROSÉ) Toxic Till The End
67%
46M(LISA) Moonlit Floor
63%
106M The Girls
46%
No matching quizzes found
Score Distribution
Percent of People with Each Score
Percentile by Number Answered
Your Score History
You have not taken this quiz since the last reset